00505cam a22001577a 4500008004000000020001800040082001300058100001600071245004100087260002900128300001000157650005800167650004600225650005300271650002300324180718b2010 xxu||||| |||| 00| 0 eng d a9780091925550 aA99 B575 aBlair, Tony aA journey: Tony Blaircby Tony Blair aLondonbHutchinsonc2010 a718p. aGreat Britain -- Politics and government -- 1997-2007 aPoliticians -- Great Britain -- Biography aEx-prime ministers -- Great Britain -- Biography aBlair, Tony, 1953-